Statistiques concernant Culture Générale - Série 1228

Cliquez ici pour prendre le quiz!

Statistiques générales

  • Ce quiz a été pris 50 fois
  • Le résultat moyen est 6 sur 10

Statistiques - réponses

Question Réponse % Correct
Quel coléoptère porte-bonheur, surnommé "bête à bon Dieu", a une espèce dite "à sept points" ?coccinelle
94%
En quelle année s'est tenue la conférence de Yalta ?1945
83%
Dans le "Muppet Show", de quelle grenouille Peggy la cochonne est-elle amoureuse ?Kermit
70%
Quelle unité de mesure utilise-t-on pour exprimer la contenance d'un réfrigérateur ?litre
68%
Quel gaz, largement répandu par les bovins, est également le constituant essentiel du grisou ?méthane
66%
En France, s'agissant de l'institut national, que signifie le "S" du sigle I.N.S.E.E. ?Statistique
55%
Quel mousquetaire d'Alexandre Dumas pourrait-on qualifier de géant débonnaire ?Porthos
47%
Quelle archipel a pour capitale Funchal ?Madère
36%
Avec quelle actrice Drew Barrymore et Lucy Liu forment-elles le trio des “Charlie's Angels” ?Cameron Diaz
30%
Quel est le nom de famille de l'inspecteur Harry, incarné par Clint Eastwood ?Callahan
9%

Distribution des résultats

Percentile par nombre de réponses

% des personnes avec chaque résultat

Votre développement - résultats

Vous n’avez pas pris ce quiz